<?xml version="1.0" encoding="UTF-8"?>
<record
    xmlns:xsi="http://www.w3.org/2001/XMLSchema-instance"
    xsi:schemaLocation="http://www.loc.gov/MARC21/slim http://www.loc.gov/standards/marcxml/schema/MARC21slim.xsd"
    xmlns="http://www.loc.gov/MARC21/slim">

  <leader>00880nam a2200217Ia 4500</leader>
  <controlfield tag="003">OSt</controlfield>
  <controlfield tag="005">20240808163204.0</controlfield>
  <controlfield tag="008">210719s2016    xx            000 0 und d</controlfield>
  <datafield tag="040" ind1=" " ind2=" ">
    <subfield code="c">AL</subfield>
  </datafield>
  <datafield tag="041" ind1=" " ind2=" ">
    <subfield code="a">kan</subfield>
  </datafield>
  <datafield tag="082" ind1=" " ind2=" ">
    <subfield code="a">K894.8 PUTV</subfield>
  </datafield>
  <datafield tag="100" ind1=" " ind2=" ">
    <subfield code="a">PUTTIGE (A S) Ed</subfield>
    <subfield code="9">176013</subfield>
    <subfield code="d">&#xCAA;&#xCC1;&#xCA4;&#xCCD;&#xCA4;&#xCBF;&#xC97;&#xCC6; (&#xC8E; &#xC8E;&#xCB8;&#xCCD;) Ed</subfield>
  </datafield>
  <datafield tag="245" ind1=" " ind2=" ">
    <subfield code="a">Varta bharati: Hadinalkane varshada sambhrama varshika visheshanka aktobar 2016</subfield>
    <subfield code="b">&#xCB5;&#xCBE;&#xCB0;&#xCCD;&#xCA4;&#xCBE; &#xCAD;&#xCBE;&#xCB0;&#xCA4;&#xCBF;: &#xCB9;&#xCA6;&#xCBF;&#xCA8;&#xCBE;&#xCB2;&#xCCD;&#xC95;&#xCA8;&#xCC7; &#xCB5;&#xCB0;&#xCCD;&#xCB7;&#xCA6; &#xCB5;&#xCBE;&#xCB0;&#xCCD;&#xCB7;&#xCBF;&#xC95; &#xCB5;&#xCBF;&#xCB6;&#xCC7;&#xCB7;&#xCBE;&#xC82;&#xC95; &#xC85;&#xC95;&#xCCD;&#xC9F;&#xCCB;&#xCAC;&#xCB0;&#xCCD; &#xCE8;&#xCE6;&#xCE7;&#xCEC;</subfield>
  </datafield>
  <datafield tag="260" ind1=" " ind2=" ">
    <subfield code="a">Mangaluru</subfield>
    <subfield code="c">2016</subfield>
  </datafield>
  <datafield tag="300" ind1=" " ind2=" ">
    <subfield code="a">218</subfield>
    <subfield code="b">PB</subfield>
  </datafield>
  <datafield tag="365" ind1=" " ind2=" ">
    <subfield code="b">50</subfield>
    <subfield code="c">Rs</subfield>
  </datafield>
  <datafield tag="650" ind1=" " ind2=" ">
    <subfield code="a">Kannada Miscellaneous</subfield>
    <subfield code="9">176014</subfield>
  </datafield>
  <datafield tag="650" ind1=" " ind2=" ">
    <subfield code="a">Kannada Miscellaneous</subfield>
    <subfield code="9">176014</subfield>
  </datafield>
  <datafield tag="906" ind1=" " ind2=" ">
    <subfield code="a">2016 ; aktobar ; bharati: ; Hadinalkane ; sambhrama ; varshada ; varshika ; Varta ; visheshanka</subfield>
  </datafield>
  <datafield tag="942" ind1=" " ind2=" ">
    <subfield code="2">ddc</subfield>
    <subfield code="c">BK</subfield>
  </datafield>
  <datafield tag="999" ind1=" " ind2=" ">
    <subfield code="c">215770</subfield>
    <subfield code="d">215770</subfield>
  </datafield>
  <datafield tag="952" ind1=" " ind2=" ">
    <subfield code="0">0</subfield>
    <subfield code="1">0</subfield>
    <subfield code="2">ddc</subfield>
    <subfield code="4">0</subfield>
    <subfield code="7">0</subfield>
    <subfield code="a">AL</subfield>
    <subfield code="b">AL</subfield>
    <subfield code="c">SSS</subfield>
    <subfield code="d">2018-01-06</subfield>
    <subfield code="e">General Annual</subfield>
    <subfield code="g">50.00</subfield>
    <subfield code="l">0</subfield>
    <subfield code="o">K894.8 PUTV</subfield>
    <subfield code="p">D04404</subfield>
    <subfield code="r">2021-07-19 00:00:00</subfield>
    <subfield code="w">2021-07-19</subfield>
    <subfield code="y">DB</subfield>
  </datafield>
</record>
